A K+K Hotel Opera rendezvény-tevékenységének komplex elemzése

Bibliographic Details
Main Author: Baukó Attila
Other Authors: Bártfai Endre
Format: Thesis
Kulcsszavak:rendezvény
MICE
4 csillagos szálloda
komplex bemutatás
fejlesztés
Online Access:http://dolgozattar.uni-bge.hu/23087

MARC

LEADER 00000nta a2200000 i 4500
001 dolg23087
005 20200226153222.0
008 191128suuuu hu om 000 hun d
040 |a BGE Dolgozattár Repozitórium  |b hun 
041 |a hu 
100 1 |a Baukó Attila 
245 1 2 |a A K+K Hotel Opera rendezvény-tevékenységének komplex elemzése  |c Baukó Attila  |h [elektronikus dokumentum] 
246 1 1 |a A K+K Hotel Opera rendezvény-tevékenységének komplex elemzése 
695 |a rendezvény 
695 |a MICE 
695 |a 4 csillagos szálloda 
695 |a komplex bemutatás 
695 |a fejlesztés 
700 1 |a Bártfai Endre  |e ths 
856 4 0 |u http://dolgozattar.uni-bge.hu/23087/1/Bauk%C3%B3%20Attila_CJK9TJ_TVvend.pdf  |z Dokumentum-elérés